| 000 | 01491nam a2200397 i 4500 | ||
|---|---|---|---|
| 001 | 31656 | ||
| 003 | KOSZ 005 | ||
| 005 | 20220913112549.0 | ||
| 008 | 980713s1996 pl f |000 0 pol | ||
| 015 | _aPB 1997/3576 | ||
| 020 | _a8387038083 | ||
| 040 |
_aWA N _cWA N _dKOSZ 005/HR |
||
| 046 | _k1996 | ||
| 080 | _a658.14/.17 | ||
| 080 | _a657.62/.63 | ||
| 080 | _a(083.1) | ||
| 100 | 1 |
_aCzubakowska, Ksenia _d(1946- ) _eAutor |
|
| 245 | 1 | 0 |
_aPolityka bilansowa i sprawozdawczość finansowa w zarządzaniu firmą : _bpraca zbiorowa / _cpod red. Kazimierza Sawickiego ; [aut. rozdz. Ksenia Czubakowska, Teresa Kiziukiewicz, K. Sawicki]. |
| 260 |
_aWrocław : _b"Ekspert", _c1996. |
||
| 300 |
_a146, [2] s. ; _c24 cm. |
||
| 336 |
_2rdacontent _aTekst _btxt |
||
| 337 |
_2rdamedia _aBez urządzenia pośredniczącego _bn |
||
| 338 |
_2rdacarrier _aWolumin _bnc |
||
| 380 | _aKsiążki | ||
| 388 | _a1901-2000 | ||
| 388 | _a1989-2000 | ||
| 650 | 4 | _aBilans księgowy | |
| 650 | 4 | _aSprawozdawczość finansowa | |
| 655 | 4 | _aPoradnik | |
| 658 | _aGospodarka, ekonomia, finanse | ||
| 700 | 1 |
_aKiziukiewicz, Teresa _d(1947- ) _eAutor |
|
| 700 | 1 |
_aSawicki, Kazimierz _d(1926-2021) _eRedakcja |
|
| 710 | 2 |
_a Ekspert Wydawnictwo i Doradztwo z Zakresu Rachunkowości i Finansów, Marian Pałka _4pbl. |
|
| 856 |
_uhttp://koha.tu.koszalin.pl/cgi-bin/koha/opac-detail.pl?biblionumber=31365 _yKatalog online BPK |
||
| 942 |
_2UKD _cKS |
||
| 999 |
_c31365 _d31365 |
||